000 01558nam0a2200409 4500
001 RU\NLR\bibl\192788
005 20250619090355.0
010 _a5-89347-081-8
_91000
021 _aRU
_b2001-15973
_9742
035 _a(NLR Aleph) 000189291
090 _a1094360
_c1094360
100 _a20010629d2001 |||y0rusy50 ca
101 0 _arus
102 _aRU
105 _aa |||||||||
200 1 _aНациональные гимназии России: историко-педагогический аспект
_fФ. Г. Ялалов
210 _aКазань
_cНовое знание
_d2001
215 _a108 с.
_cил.
_d21
320 _aБиблиогр.: с. 91-95
606 0 _aГимназии
_xИстория
_yРоссия
_z19 - нач. 20 вв.
_92132675
_3RU\NLR\auth\661286446
606 0 _aНациональная школа
_xИстория
_yРоссия
_91914584
_3RU\NLR\auth\66872929
606 1 _aНациональные школы
_xИстория
_yРоссия
_92607555
_3RU\NLR\auth\661544113
610 0 _aНациональная школа - История
610 0 _aРоссийская Федерация, образование
675 _a373.5(470)
_v3
_zrus
686 _a14.23
_2rugasnti
686 _a74.3
_2rubbk
686 _aЧ424(2)714.5
686 _aЧ424(28)738
700 1 _aЯлалов
_gФарит Габтелович
_4070
801 0 _aRU
_bRKP
_c20010629
_gPSBO
801 1 _aRU
_bRKP
_c20010629
801 2 _aRU
_bNLR
_c20101208
_grcr
942 _cBOOK
980 _aNB
980 _aNBR